000
00305nam a22001337a 4500
020
_a
81-901877-0-8
041
_a
ENG
100
_a
Patil.S.C
245
_a
Vachan Sahitya Raddabatal Dhoran
260
_a
Devagad
_b
ChAYA Sitaram Patil
_c
2003
300
_a
106
650
_a
Marathi
856
_u
Marathi ( 33 )
999
_c
2229
_d
2229